000 00439nam a2200157 4500
001 108446
003 ES-MaACL
005 20230906184638.0
007 t|
008 061121s1965 sp r ||||1| spa d
100 1 _aMondrone, Domingo.
_982155
245 1 3 _aEl padre Poveda /
_cDomingo Mondrone.
260 _aBilbao :
_bEdiciones Paulinas,
_c1965.
300 _a302 p., 8 lám :
_bil. ;
_c19 cm.
852 _aES-MaACL
_jC-51795
_bR.68371
999 _c108446
_d108446